| 000 | 005200000a22001930004500 | ||
|---|---|---|---|
| 001 | 004306 | ||
| 003 | MACL | ||
| 005 | 20150816162413.0 | ||
| 008 | 150816b xxu||||| |||| 00| 0 eng d | ||
| 040 |
_aMACL _cMACL |
||
| 041 | _aEnglish | ||
| 082 | _a500.85/CHA | ||
| 100 |
_aBattacharyya, Sibajiban _95970 |
||
| 245 |
_aLanguage Logic & Science In India _cSibajiban Battacharyya |
||
| 260 |
_aDelhi _c1995 _bIndian Council Of Philosophical Research, |
||
| 350 | _a80 | ||
| 650 |
_aScience _95972 |
||
| 942 |
_k501 _cBK _2ddc |
||
| 999 |
_c16197 _d16197 |
||